| 000 | 00640pam a2200217 a 4500 | ||
|---|---|---|---|
| 001 | 534103 | ||
| 005 | 20180313082202.0 | ||
| 008 | 871013s1988 nyua b 001 0 eng | ||
| 010 | _a 87029438 | ||
| 020 | _a0471864005 | ||
| 040 |
_aDLC _cDLC _dDLC |
||
| 041 | _aeng | ||
| 080 | _a658.85 JAC | ||
| 082 | 0 | 0 |
_a658.85 JAC _219 |
| 100 | 1 | _a60 | |
| 101 | _aMAR | ||
| 245 | 1 | 0 |
_aSelling : _cDonald W. Jackson, Jr., William H. Cunningham, Isabella C.M. Cunningham. |
| 504 | _aIncludes bibliographical references and indexes. | ||
| 906 |
_a7 _bcbc _corignew _d1 _eocip _f19 _gy-gencatlg |
||
| 942 |
_2ddc _cBK |
||
| 999 |
_c44893 _d44893 |
||